000 00717nam a2200229 i 4500
001 106074
003 ES-MaACL
005 20260504130823.0
007 t|
008 060925s1964 ne ||||1| fre d
080 _a821.133.1 Rimbaud, Arthur 1.07
100 _aBreton, André,
_d1896-1966
_9239133
245 1 0 _aFlagrant délit /
_cAndré Breton.
260 _a[Utrecht] :
_bJean-Jacques Pauvert,
_c[1964]
300 _a167 p. ;
_c18 cm.
490 1 _aLibertés
500 _aBiblioteca Juan Andrade.
600 1 4 _aRimbaud, Arthur,
_d1854-1891-
_xCrítica e interpretación
_997239
830 0 _aLibertés
_9185155
852 _aES-MaACL
_jAND-801
_bR.110097
999 _c106074
_d106074